MARC details
| 000 -CABECERA |
| campo de control de longitud fija |
01240nam a2200277 a 4500 |
| 003 - IDENTIFICADOR DEL NÚMERO DE CONTROL |
| campo de control |
DO-SdBNP |
| 005 - FECHA Y HORA DE LA ÚLTIMA TRANSACCIÓN |
| campo de control |
20220328123526.0 |
| 007 - CAMPO FIJO DE DESCRIPCIÓN FÍSICA--INFORMACIÓN GENERAL |
| campo de control de longitud fija |
ta |
| 008 - DATOS DE LONGITUD FIJA--INFORMACIÓN GENERAL |
| campo de control de longitud fija |
210818e2018 dr aco|gr|||| 001 0 spa d |
| 040 ## - FUENTE DE LA CATALOGACIÓN |
| Centro catalogador/agencia de origen |
DO-SdBNP |
| Lengua de catalogación |
spa |
| Centro/agencia transcriptor |
BNPHU |
| 082 #4 - NÚMERO DE LA CLASIFICACIÓN DECIMAL DEWEY |
| Número de documento/Ítem |
R426s |
| Número de edición |
22 |
| 110 1# - ENTRADA PRINCIPAL--NOMBRE DE ENTIDAD CORPORATIVA |
| Nombre de entidad corporativa o nombre de jurisdicción como elemento de entrada |
República Dominicana : |
| Unidad subordinada |
Cuerpo Especializado en Seguridad Aeroportuaria y de la Aviación Civil (CESAC) |
| 9 (RLIN) |
79475 |
| 245 10 - MENCIÓN DE TÍTULO |
| Título |
Seguridad Aviacion Civil en la Republica Dominicana CESAC: |
| Resto del título |
21 años, una historia de éxitos 1997 - 2018. / |
| Mención de responsabilidad, etc. |
Prólogo, Miguel Franjul; Edición Diseño y Producción Tony Núñez.; Fotografía, Alberto Martínez, Miguel Mañón; |
| 260 ## - PUBLICACIÓN, DISTRIBUCIÓN, ETC. |
| Lugar de publicación, distribución, etc. |
Santo Domingo : |
| Nombre del editor, distribuidor, etc. |
Tony Núñez y Asociados SRL, |
| Fecha de publicación, distribución, etc. |
20018 |
| 300 ## - DESCRIPCIÓN FÍSICA |
| Extensión |
352 p.: |
| Otras características físicas |
il., fotogr. retr, ; |
| Dimensiones |
28 cm. |
| 500 ## - NOTA GENERAL |
| Nota general |
incluye acrónimos. |
| 500 ## - NOTA GENERAL |
| Nota general |
Incluye galería de directores. |
| 590 ## - NOTA LOCAL (RLIN) |
| Nota local |
Inventariado 2021 / MF |
| 700 1# - PUNTO DE ACCESO ADICIONAL--NOMBRE DE PERSONA |
| 9 (RLIN) |
38764 |
| Nombre de persona |
Franjul, Miguel, |
| Código de función/relación |
pról. |
| Fechas asociadas al nombre |
1951- |
| 700 1# - PUNTO DE ACCESO ADICIONAL--NOMBRE DE PERSONA |
| 9 (RLIN) |
77999 |
| Nombre de persona |
Núñez, Tony, |
| Término indicativo de función/relación |
editor. |
| 700 1# - PUNTO DE ACCESO ADICIONAL--NOMBRE DE PERSONA |
| Nombre de persona |
Martínez, Alberto, |
| Término indicativo de función/relación |
fotogr. |
| 9 (RLIN) |
79476 |
| 700 ## - PUNTO DE ACCESO ADICIONAL--NOMBRE DE PERSONA |
| Nombre de persona |
Miguel, Mañón, |
| Término indicativo de función/relación |
fotogr. |
| 9 (RLIN) |
79477 |
| 710 ## - PUNTO DE ACCESO ADICIONAL--NOMBRE DE ENTIDAD CORPORATIVA |
| 9 (RLIN) |
79475 |
| Nombre de entidad corporativa o nombre de jurisdicción como elemento de entrada |
República Dominicana : |
| Unidad subordinada |
Cuerpo Especializado en Seguridad Aeroportuaria y de la Aviación Civil (CESAC) |
| 910 ## - DATOS DE OPCIÓN DEL USUARIO (OCLC) |
| Datos de opción del usuario |
MFeliz |
| 942 ## - ELEMENTOS DE PUNTO DE ACCESO ADICIONAL (KOHA) |
| Fuente del sistema de clasificación o colocación |
Dewey Decimal Classification |
| Tipo de ítem Koha |
Libro |